|
|
|
|
| LEADER |
01093nam a2200373 4500 |
| 001 |
DLU210196523 |
| 005 |
##20210531 |
| 008 |
##100426s2010 si a b 001 0 eng c |
| 010 |
# |
# |
|a 2010278754
|
| 020 |
# |
# |
|a 9789814271837
|
| 020 |
# |
# |
|a 9814271837
|
| 035 |
# |
# |
|a (OCoLC)ocn505908011
|
| 040 |
# |
# |
|a SINUS
|c SINUS
|d BWX
|d YDXCP
|d NDD
|d DLC
|
| 042 |
# |
# |
|a pcc
|
| 082 |
# |
# |
|a 537.243
|b Lep
|
| 245 |
# |
# |
|a Lepton dipole moments /
|c editors, B. Lee Roberts, William J. Marciano.
|
| 260 |
# |
# |
|a Singapore ;
|a New Jersey :
|b World Scientific Pub Co Inc.,
|c c2010.
|
| 300 |
# |
# |
|a xiii, 757 p. :
|b ill. ;
|c 23 cm.
|
| 504 |
# |
# |
|a Includes bibliographical references and index.
|
| 650 |
# |
# |
|a Dipole moments.
|
| 700 |
# |
# |
|a Marciano, William J.
|
| 700 |
# |
# |
|a Roberts, B. Lee.
|
| 830 |
# |
# |
|a Advanced series on directions in high energy physics ;
|v v. 20.
|
| 923 |
# |
# |
|a 01/2021
|
| 991 |
# |
# |
|a SH
|
| 992 |
# |
# |
|a 4448612
|
| 994 |
# |
# |
|a DLU
|
| 900 |
# |
# |
|a True
|
| 911 |
# |
# |
|a Nguyễn Thanh Hương
|
| 925 |
# |
# |
|a G
|
| 926 |
# |
# |
|a A
|
| 927 |
# |
# |
|a SH
|
| 980 |
# |
# |
|a Thư viện Trường Đại học Đà Lạt
|